Orientaciones sobre el concepto y el método del derecho civil (Record no. 126554)

MARC details
000 -LEADER
fixed length control field 00653cam a2200217 4500
005 - DATE AND TIME OF LATEST TRANSACTION
control field 20200212120033.0
008 - FIXED-LENGTH DATA ELEMENTS--GENERAL INFORMATION
fixed length control field 200211b ag ||||| |||| 00| 0 spa d
020 ## - INTERNATIONAL STANDARD BOOK NUMBER
International Standard Book Number 9507273697
050 04 - LIBRARY OF CONGRESS CALL NUMBER
Classification number K623
Item number L53 2002
100 1# - MAIN ENTRY--PERSONAL NAME
Personal name Llamas Pombo, Eugenio
Relator term autor
245 10 - TITLE STATEMENT
Title Orientaciones sobre el concepto y el método del derecho civil
Statement of responsibility, etc / Eugenio Llamas Pombo.
250 ## - EDITION STATEMENT
Edition statement 1a. ed.
260 ## - PUBLICATION, DISTRIBUTION, ETC. (IMPRINT)
Place of publication, distribution, etc Buenos Aires :
Name of publisher, distributor, etc Rubinzal-Culzoni editores
Date of publication, distribution, etc 2002
300 ## - PHYSICAL DESCRIPTION
Extent 231 p. ;
Dimensions 23 cm.
504 ## - BIBLIOGRAPHY, ETC. NOTE
Bibliography, etc Incluye bibliografía : p. 217-228.
650 #7 - SUBJECT ADDED ENTRY--TOPICAL TERM
Source of heading or term lemb
Topical term or geographic name as entry element Derecho civil
Geographic subdivision Argentina
650 #7 - SUBJECT ADDED ENTRY--TOPICAL TERM
Source of heading or term lemb
Topical term or geographic name as entry element Derecho civil
General subdivision Metodología
942 ## - ADDED ENTRY ELEMENTS (KOHA)
Source of classification or shelving scheme Biblioteca del Cogreso de los Estados Unidos
Koha item type Libro
Holdings
Estado de pérdida Fuente de clasificación Estado del daño No para préstamo Ubicación permanente Ubicación actual Apartado o colección Fecha de adquisición Edición Dependencia de educación superior (DES) Área del conocimiento Clasificación Código de Barras Date last seen Número de copia Costo por reposición Tipo de recurso
  Biblioteca del Cogreso de los Estados Unidos     Biblioteca de la Facultad de Derecho y Ciencias Sociales "Felipe J. Tena" Biblioteca de la Facultad de Derecho y Ciencias Sociales "Felipe J. Tena" General 11/02/2020 1a ed. Derecho Ciencias Sociales y Administrativas K623 L53 2002 BFD000012232 11/02/2020 1 1.00 Libro